Marcas o monopolio del conocimiento: la naturaleza del trabajo en la nueva economía /

El propósito de este estudio es analizar, desde la perspectiva de la teoría del valor, cómo el predominio del trabajo complejo- entendido como conocimiento- genera monopolios. Dicho conocimiento permite a las empresas realizar innovaciones que se manifiestan en forma de derechos de propiedad (intang...

Ամբողջական նկարագրություն

Պահպանված է:
Մատենագիտական մանրամասներ
Հիմնական հեղինակ: Lechuga Montenegro, Jesús
Այլ հեղինակներ: Bustamante Torres, Jorge
Ձևաչափ: Տեքստ
Խորագրեր:
Ցուցիչներ: Ավելացրեք ցուցիչ
Չկան պիտակներ, Եղեք առաջինը, ով նշում է այս գրառումը!

MARC

LEADER 00000 a a2200000 04500
001 12916
003
040
100 |a Lechuga Montenegro, Jesús  
245 |a Marcas o monopolio del conocimiento:   |b la naturaleza del trabajo en la nueva economía /  |c Jesús Lechuga Montenegro ; Jorge Bustamante Torres 
520 |a El propósito de este estudio es analizar, desde la perspectiva de la teoría del valor, cómo el predominio del trabajo complejo- entendido como conocimiento- genera monopolios. Dicho conocimiento permite a las empresas realizar innovaciones que se manifiestan en forma de derechos de propiedad (intangibles) que permiten concentrar un mayor segmento de mercado. También se explica por qué las marcas y los derechos de propiedad son puntos clave en la diferenciación del producto en estructuras monopólicas, reafirmando que en el proceso productivo actual el conocimiento conforma una fuente de poder en la valorización del capital, en un marco en donde de manera relevante el trabajo físico (simple) tiene una menor ponderación que el trabajo intelectual (complejo). Además profundiza en las características particulares de los intangibles en términos de valor  
650 |a PROPIEDAD INTELECTUAL  
650 |a CONOCIMIENTO  
650 |a <19.02.03><18.01.01>  
700 |a Bustamante Torres, Jorge  
773 |g volumen 2, número 4 Edición; páginas 131-164  
999 |c 33122  |d 33122